Statistics for OLW Sour Cream & Onion Ingredients

Click here to take the quiz!

General Stats

  • This quiz has been taken 16 times
  • The average score is 3 of 10

Answer Stats

Answer% Correct
Potato
100%
Sunflower oil
55%
Garlic Powder
27%
Milk Powder
27%
Lactic Acid
18%
Spice mix
18%
Yeast powder
18%
Natural Aroma
9%
Yeast extract
9%
Parsley
0%

Score Distribution

Percentile by Number Answered

Percent of People with Each Score

Your Score History

You have not taken this quiz